Pour l'histoire de la science hellène / (Record no. 13104)

MARC details
000 -LEADER
campo de control de longitud fija 00668nam a2200229 i 4500
001 - NÚMERO DE CONTROL
campo de control 13104
003 - IDENTIFICADOR DE NÚMERO DE CONTROL
campo de control ES-MaACL
005 - FECHA Y HORA DE LA ÚLTIMA TRANSACCIÓN
campo de control 20250813111559.0
007 - CAMPO FIJO DE DESCRIPCIÓN FÍSICA--INFORMACIÓN GENERAL
campo de control de longitud fija t|
008 - DATOS DE LONGITUD FIJA--INFORMACIÓN GENERAL
campo de control de longitud fija 971203s1990 fr |||| | fre d
020 ## - NÚMERO INTERNACIONAL ESTÁNDAR DEL LIBRO
Número Internacional Estándar del Libro 2-87647-033-0
080 ## - NÚMERO DE LA CLASIFICACIÓN DECIMAL UNIVERSAL
Número de la Clasificación Decimal Universal 5/6(38)(091)
100 1# - ENTRADA PRINCIPAL--NOMBRE DE PERSONA
Nombre de persona Tannery, Paul.
9 (RLIN) 109206
245 10 - MENCIÓN DEL TÍTULO
Título Pour l'histoire de la science hellène /
Mención de responsabilidad, etc. Paul Tannery.
250 ## - MENCION DE EDICION
Mención de edición 2ª ed.
260 ## - PUBLICACIÓN, DISTRIBUCIÓN, ETC.
Lugar de publicación, distribución, etc. Paris :
Nombre del editor, distribuidor, etc. Jacques Gabay,
Fecha de publicación, distribución, etc. cop. 1990.
300 ## - DESCRIPCIÓN FÍSICA
Extensión XXIV, 435 p. ;
Dimensiones 24 cm.
500 ## - NOTA GENERAL
Nota general Reimp. de la 2ª ed. publicada por Gauthier-Villars en 1930.
650 #7 - PUNTO DE ACCESO ADICIONAL DE MATERIA--TÉRMINO DE MATERIA
Término de materia o nombre geográfico como elemento de entrada Ciencia griega
Fuente del encabezamiento o término embne
9 (RLIN) 166137
852 ## - LOCALIZACIÓN
Ubicación ES-MaACL
Número de control de estantería L-20443
Holdings
Estatus retirado Estado de pérdida Estado de daño No para préstamo Biblioteca de origen Biblioteca actual Ubicación en estantería Fecha de adquisición Fuente de adquisición Total de préstamos Signatura topográfica completa Código de barras Visto por última vez Precio de reemplazo Tipo de ítem Koha
        Biblioteca del Ateneo de Madrid Biblioteca del Ateneo de Madrid Depósito 2 17/01/2008     L-20443 1013344 23/02/2023 23/02/2023 Libro impreso